000 01601nam a2200421 i 4500
001 30121
003 KOSZ 005
005 20200723135543.0
008 970612s1991 pl f |000 0 pol
015 _aUWD 1991/9471
020 _a8370000711
035 _a991001960299705066
035 _a(PL-WaBN)b10548130-48omnis_nlop
035 _ab10548130
035 _a(OCoLC)834085926
035 _a(PL)b0000001054813
035 _a(EXLNZ-48OMNIS_NETWORK)9910359658105606
040 _aWA N
_cWA N
_dKOSZ 005/EG
041 0 _apol
_geng
080 _a91
080 _a81'373.21
245 0 0 _aNazwy geograficzne Rzeczypospolitej Polskiej =
_bGeographical names of the Republic of Poland /
_cMinisterstwo Gospodarki Przestrzennej i Budownictwa. Główny Geodeta Kraju. Urząd Rady Ministrów. Komisja Ustalania Nazw Miejscowości i Obiektów Fizjograficznych, Państwowe Przedsiębiorstwo Wydawnictw Kartograficznych imienia Eugeniusza Romera.
260 _aWarszawa ; Wrocław :
_bPPWK,
_c1991.
300 _a780, [1] s., [3] k. mapy kolor. ;
_c24 cm.
336 _aTekst
_btxt
_2rdacontent
337 _aBez urządzenia pośredniczącego
_bn
_2rdamedia
338 _aWolumin
_bnc
_2rdacarrier
380 _aKsiążki
388 _a1901-2000
388 _a1989-2000
500 _aPrzedm. i wstęp także ang.
650 7 _aNazwy miejscowe polskie
_2DBN
655 7 _aSpis
_2DBN
658 _aGeografia i nauki o Ziemi
856 _uhttp://koha.tu.koszalin.pl/cgi-bin/koha/opac-detail.pl?biblionumber=30121
_yKatalog online BPK
942 _2UKD
_cKS
999 _c30121
_d30121